Представление документа в формате RUSMARC

ПолеНазваниеЗначение
  Тип записи a
  Библиографический уровень m
001 Контрольный номер RU/SLIB/B/208709679
005 Дата корректировки 20241016094758.3
010 Индекс ISBN __
d Цена 54-60
101 Язык документа 0_
a Язык текста rus
c Язык оригинала rus
200 Заглавие и сведения об ответственности 1_
a Заглавие История России ХХ столетия
e Сведения, относящиеся к заглавию учеб. пособие для студентов вузов
f Первые сведения об ответственности Поцелуев В. А.
b Общее обозначение материала Текст
210 Выходные данные 1_
a Место издания М.
c Издательство Владос
d Дата издания 1997
215 Физическое описание __
a Объем 512 с.
606 Тематические рубрики __
a Основная рубрика История
606 Тематические рубрики __
a Основная рубрика История России и СССР (октябрь 1917 - 1991 г.)
z Хронологическая подрубрика 20 в.
606 Тематические рубрики __
a Основная рубрика Россия в XVIII в. - 1917 г.
610 Ключевые слова 0_
a Ключевые слова большевики; Октябрьская революция; Великая Отечественная война; ВОВ; индустриализация; перестройка; реформы; русско-японская война; столыпинские реформы; холодная война; самодержавие; вторая мировая война; Февральская революция
686 Индексы других классификаций __
2 Код системы rubbks
a Классификационный индекс 63.3(2)6я73
686 Индексы других классификаций __
a Классификационный индекс 63.3(2)53я73
700 Автор _1
a Фамилия Поцелуев
b Имя В. А.
4 Код отношения 070
801 Источник записи _0
a Страна RU
b Организация Муниципальное бюджетное учреждение культуры "Централизованная библиотечная система" г. Сургут (Центральная городская библиотека им. А. С. Пушкина)
g Правила каталогизации ОБ/Бутенко
801 Источник записи _1
a Страна RU
b Организация Муниципальное бюджетное учреждение культуры "Централизованная библиотечная система" г. Сургут (Центральная городская библиотека им. А. С. Пушкина)
g Правила каталогизации ОБ/Бутенко
852 Данные о местонахождении __
j Шифр хранения 63.3(2)6я73
c Каталожный индекс 63.3(2)6я73; 63.3(2)52я73
i Авторский знак П 64
p Инвентарный номер 72296
901 Тип документа __
t Тип документа m
903 Характеристики (МАРС) __
a Дата передачи 19990615
969 Тип издания __
a Тип издания учебное пособие
990 Данные о заказе (DOS) 00
j Количество экземпляров (DOS) 1
t N записи в КСУ для И/У (DOS) 199901